Sociology in medicine (Record no. 5760)
[ view plain ]
| 000 -LEADER | |
|---|---|
| fixed length control field | 01139nam a22001937a 4500 |
| 020 ## - INTERNATIONAL STANDARD BOOK NUMBER | |
| ISBN | 0195034449 |
| 020 ## - INTERNATIONAL STANDARD BOOK NUMBER | |
| ISBN | 9780195034448 |
| 050 ## - CALL NUMBER | |
| Classification number | RA418 |
| Item number | .S88 |
| 100 ## - AUTHOR | |
| Personal name | Susser, Mervyn |
| 245 ## - TITLE | |
| Title | Sociology in medicine |
| Statement of responsibility, etc | Mervyn Susser; William Watson; Kim Hopper |
| 250 ## - EDITION | |
| Edition statement | 3rd |
| 260 ## - PUBLICATION INFORMATION | |
| Place of publication | New York : |
| Name of publisher | Oxford University Press, |
| Year of publication | 1984. |
| 300 ## - DESCRIPTION | |
| Number of Pages | xviii, 603 pages ; |
| Dimensions | 24 cm |
| 500 ## - NOTES | |
| General note | Includes index. |
| 505 ## - FORMATTED CONTENTS NOTE | |
| Table of Content | 1. Economy, ecology, and disease<br/>2. The description of state of health in populations: Some note on measures, concepts, and analysis<br/>3. Health and disease in the world economy with the assistance of Robert P. Montera<br/>4. Culture and health<br/>5. Theories and indices of social <br/>6. Social class and disorders of health<br/>7. community: status, roles network, mobility<br/>8. Social mobility, stress, and disorders of health<br/>9.The family in health and disease: concepts and methods<br/>10. Mating and marriage <br/>11. Infant to adult with the assistance of maureen Durkin- Longley and Carole Vance<br/> 21. Old age: The phase of replacement<br/> |
| 700 ## - OTHER AUTHORS | |
| Personal name | William Watson |
| 710 ## - OTHER AUTHORS | |
| OTHER AUTHORS | Kim Hopper |
| 942 ## - ADDED ENTRY ELEMENTS (KOHA) | |
| Koha item type | Books |
No items available.